<?xml version="1.0" encoding="UTF-8"?><record xmlns="http://www.loc.gov/MARC21/slim" xmlns:zs="http://docs.oasis-open.org/ns/search-ws/sruResponse">
  <leader>03089cam a2200577 a 4500</leader>
  <controlfield tag="001">2163704</controlfield>
  <controlfield tag="005">20251201172426.1</controlfield>
  <controlfield tag="008">860605s1744    enk           000 0 eng  </controlfield>
  <datafield ind1=" " ind2=" " tag="035">
    <subfield code="a">2163704</subfield>
  </datafield>
  <datafield ind1=" " ind2=" " tag="906">
    <subfield code="a">7</subfield>
    <subfield code="b">cbc</subfield>
    <subfield code="c">premver</subfield>
    <subfield code="d">1</subfield>
    <subfield code="e">ncip</subfield>
    <subfield code="f">19</subfield>
    <subfield code="g">y-genrareb</subfield>
  </datafield>
  <datafield ind1=" " ind2=" " tag="955">
    <subfield code="a">vj00</subfield>
    <subfield code="i">vj36 2001-11-28 NEW INPUT</subfield>
    <subfield code="e">vn34 2001-12-04</subfield>
    <subfield code="u">he18 2020-09-01 TW situational</subfield>
  </datafield>
  <datafield ind1=" " ind2=" " tag="955">
    <subfield code="a">LCAP batch update 2025-06-02-04:00: LCAPM-644</subfield>
  </datafield>
  <datafield ind1=" " ind2=" " tag="010">
    <subfield code="a">   44039141 </subfield>
  </datafield>
  <datafield ind1=" " ind2=" " tag="040">
    <subfield code="a">DLC/ICU</subfield>
    <subfield code="c">ICU</subfield>
    <subfield code="d">DLC</subfield>
    <subfield code="e">dcrb</subfield>
    <subfield code="d">DLC</subfield>
  </datafield>
  <datafield ind1=" " ind2=" " tag="043">
    <subfield code="a">e-uk---</subfield>
  </datafield>
  <datafield ind1="0" ind2="0" tag="050">
    <subfield code="a">SB97</subfield>
    <subfield code="b">.A35</subfield>
  </datafield>
  <datafield ind1="0" ind2="0" tag="245">
    <subfield code="a">Adam's luxury, and Eve's cookery, or, The kitchen-garden display'd :</subfield>
    <subfield code="b">in two parts ... to which is added, the physical virtues of every herb and root.</subfield>
  </datafield>
  <datafield ind1="3" ind2=" " tag="246">
    <subfield code="a">Adam's luxury, and Eve's cookery</subfield>
  </datafield>
  <datafield ind1="3" ind2=" " tag="246">
    <subfield code="a">Kitchen-garden display'd</subfield>
  </datafield>
  <datafield ind1="3" ind2=" " tag="246">
    <subfield code="a">Kitchen garden displayed</subfield>
  </datafield>
  <datafield ind1=" " ind2=" " tag="260">
    <subfield code="a">London :</subfield>
    <subfield code="b">Printed for R. Dodsley ... and sold by M. Cooper ...,</subfield>
    <subfield code="c">1744.</subfield>
  </datafield>
  <datafield ind1=" " ind2=" " tag="300">
    <subfield code="a">xii, 216 p. ;</subfield>
    <subfield code="c">18 cm. (12mo)</subfield>
  </datafield>
  <datafield ind1=" " ind2=" " tag="336">
    <subfield code="a">text</subfield>
    <subfield code="b">txt</subfield>
    <subfield code="2">rdacontent</subfield>
  </datafield>
  <datafield ind1=" " ind2=" " tag="337">
    <subfield code="a">unmediated</subfield>
    <subfield code="b">n</subfield>
    <subfield code="2">rdamedia</subfield>
  </datafield>
  <datafield ind1=" " ind2=" " tag="338">
    <subfield code="a">volume</subfield>
    <subfield code="b">nc</subfield>
    <subfield code="2">rdacarrier</subfield>
  </datafield>
  <datafield ind1=" " ind2=" " tag="500">
    <subfield code="a">"Designed for the use of all who would live cheap, and preserve their health to old age, particularly for farmers and tradesmen in the country, who have but small pieces of garden ground, and are willing to make the most of it."</subfield>
  </datafield>
  <datafield ind1=" " ind2=" " tag="500">
    <subfield code="a">Signatures: A⁶ B-K¹².</subfield>
  </datafield>
  <datafield ind1=" " ind2=" " tag="500">
    <subfield code="a">Includes index.</subfield>
  </datafield>
  <datafield ind1="0" ind2=" " tag="505">
    <subfield code="a">(from t.p.) Shewing the best and most approved methods of raising and bringing to the greatest perfection, all the products of the kitchen-garden; with a kalendar shewing the different products of each month, and the business proper to be done in it. -- II. Containing a large collection of receipts for dressing all sorts of kitchen-stuff so as to afford a great variety of cheap, healthful, and palatable dishes.</subfield>
  </datafield>
  <datafield ind1="4" ind2=" " tag="510">
    <subfield code="a">Pennell, E.R.  My cookery books,</subfield>
    <subfield code="c">p. 151</subfield>
  </datafield>
  <datafield ind1="4" ind2=" " tag="510">
    <subfield code="a">Bitting, K.G.  Gastronomic bib.,</subfield>
    <subfield code="c">p. 514</subfield>
  </datafield>
  <datafield ind1="4" ind2=" " tag="510">
    <subfield code="a">Maclean, V.  Household and cookery books,</subfield>
    <subfield code="c">p. 3-4</subfield>
  </datafield>
  <datafield ind1=" " ind2=" " tag="561">
    <subfield code="a">LC copy: Fine binding.</subfield>
    <subfield code="5">DLC</subfield>
  </datafield>
  <datafield ind1="1" ind2=" " tag="583">
    <subfield code="3">Copy 2</subfield>
    <subfield code="a">Conserved;</subfield>
    <subfield code="b">002207.19</subfield>
    <subfield code="c">1976</subfield>
    <subfield code="j">Library of Congress Conservation Division.</subfield>
    <subfield code="z">For treatment information, contact the Preservation Directorate.</subfield>
    <subfield code="u">https://ask.loc.gov/preservation</subfield>
    <subfield code="2">pda</subfield>
    <subfield code="5">DLC</subfield>
  </datafield>
  <datafield ind1=" " ind2="0" tag="650">
    <subfield code="a">Gardening</subfield>
    <subfield code="v">Early works to 1800.</subfield>
  </datafield>
  <datafield ind1=" " ind2="0" tag="650">
    <subfield code="a">Vegetable gardening</subfield>
    <subfield code="z">Great Britain</subfield>
    <subfield code="v">Early works to 1800.</subfield>
  </datafield>
  <datafield ind1=" " ind2="0" tag="650">
    <subfield code="a">Cooking (Vegetables)</subfield>
    <subfield code="v">Early works to 1800.</subfield>
  </datafield>
  <datafield ind1="2" ind2=" " tag="710">
    <subfield code="a">Katherine Golden Bitting Collection on Gastronomy (Library of Congress)</subfield>
    <subfield code="5">DLC</subfield>
  </datafield>
  <datafield ind1="2" ind2=" " tag="710">
    <subfield code="a">Elizabeth Robins Pennell Collection (Library of Congress)</subfield>
    <subfield code="5">DLC</subfield>
  </datafield>
  <datafield ind1="4" ind2="1" tag="856">
    <subfield code="3">Page view copy 1</subfield>
    <subfield code="d">rbc0001</subfield>
    <subfield code="f">2011bit39141</subfield>
    <subfield code="u">http://hdl.loc.gov/loc.rbc/Bitting.39141</subfield>
  </datafield>
  <datafield ind1=" " ind2=" " tag="952">
    <subfield code="a">LAC brd 2019-01-02 no edits (2 cards)</subfield>
  </datafield>
  <datafield ind1=" " ind2=" " tag="952">
    <subfield code="a">LAC tnb 2022-02-01 update (2 cards)</subfield>
  </datafield>
  <datafield ind1=" " ind2=" " tag="952">
    <subfield code="a">LAC tnb 2022-03-24 update (2 cards)</subfield>
  </datafield>
  <datafield ind1=" " ind2=" " tag="984">
    <subfield code="a">gsl</subfield>
  </datafield>
  <datafield ind1=" " ind2=" " tag="984">
    <subfield code="a">rsl</subfield>
    <subfield code="d">2019-01-02</subfield>
  </datafield>
  <datafield ind1=" " ind2=" " tag="985">
    <subfield code="a">rbc/scd</subfield>
  </datafield>
  <datafield ind1=" " ind2=" " tag="985">
    <subfield code="a">rbc/bitting</subfield>
  </datafield>
  <datafield ind1=" " ind2=" " tag="985">
    <subfield code="a">rbc/digital/bitting</subfield>
  </datafield>
  <datafield ind1=" " ind2=" " tag="985">
    <subfield code="a">rbc/pennell</subfield>
  </datafield>
  <datafield ind1=" " ind2=" " tag="985">
    <subfield code="a">rblacfederal</subfield>
    <subfield code="d">20190102</subfield>
  </datafield>
  <datafield ind1=" " ind2=" " tag="991">
    <subfield code="b">c-RareBook</subfield>
    <subfield code="h">SB97</subfield>
    <subfield code="i">.A35</subfield>
    <subfield code="t">Copy 1</subfield>
    <subfield code="w">BOOKS</subfield>
  </datafield>
</record>
